header

Biographical memoirs. (Record no. 165987)

MARC details
000 -LEADER
fixed length control field 01217nam a2200289Ia 4500
245 10 - TITLE STATEMENT
Title Biographical memoirs.
260 ## - PUBLICATION, DISTRIBUTION, ETC. (IMPRINT)
Place of publication Washington, D.C. :
Name of publisher National Academy Press,
Year of publication 1997.
300 ## - PHYSICAL DESCRIPTION
Number of Pages viii, 398 p. :
Other physical details ports.
650 #0 - SUBJECT ADDED ENTRY--TOPICAL TERM
Topical Term Scientists
Topical Term Science
856 40 - ELECTRONIC LOCATION AND ACCESS
Uniform Resource Identifier http://site.ebrary.com/lib/rucke/Doc?id=10055121

No items available.

© 2026 Rongo University
Contact us: librarian | system librarian | Rongo university